000 03713nab a2200325 i 4500
003 BR-BrBNA
005 20250131153922.0
008 250131b2016 bl.|r|pooa||| 00| 0 por |
040 _aBR-BrBNA
_bpor
072 _aL73
_b5400
072 _aL70
100 _aAmérico. P.M.A.
100 _aYoshitoshi, F.N.
100 _aOliveira, G.V.
100 _aNoronha, N.P.
100 _a Siqueira, R.F.
245 _aSarcoma gástrico em cão: relato de caso
500 _a Publicação online; 9 ref.; 2 illus.; Summaries (En, Pt)
520 _a RESUMO - Tumores gástricos em animais domésticos são raros, e a literatura pertinente é escassa. Em humanos, esse tumor representa 80% dos tumores mesenquimais do trato digestivo, sendo mais comum no estômago (70%). Indivíduos de meia-idade e idosos, principalmente do gênero masculino, são os mais afetados, e o diagnosticado é feito com base em suas manifestações clínicas associadas à morfologia celular típica e à imuno-histoquímica positiva. O presente trabalho objetiva descrever um sarcoma gástrico em cão, assim como o diagnóstico, o tratamento cirúrgico e o pós-cirúrgico do animal. Foi atendido no Hospital Veterinário da Universidade Metropolitana de Santos (Unimes) um cão macho, SRD, 10 anos, 8,3kg, castrado, com bom estado geral, com queixa de emese há um ano. Na ultrassonografia abdominal foi observada a presença de uma formação arredondada no estômago que media 3,20 x 2,61cm, localizada na região epigástrica em contiguidade com a parede. O cão foi submetido a endoscopia gástrica, em que se observou a presença de uma massa arredondada na região pilórica, confirmada na laparotomia e na gastrotomia. O tumor retirado foi enviado para avaliação anatomopatológica, e os achados foram compatíveis com sarcoma estromal gástrico. Palavras-chaves: cão, sarcoma, neoplasia gástrica
520 _a ABSTRACT - Gastric tumors in domestic animals are rare and the literature is scarce. In humans this tumor represents 80% of mesenchymal tumors of the digestive tract, most commonly in the stomach (70%). Affected individuals are middle-aged and elderly, especially males, diagnosed from its clinical manifestations in association with typical cell morphology and positive immunohistochemistry. The aim of this report was to describe a gastric sarcoma in a dog, as well as the diagnosis, surgical and post surgical treatment. The experiment was conducted in the Veterinary Hospital of the Metropolitan University of Santos (UNIMES) on a male dog, SRD, 10 years old, 8.3kg, castrated, in a good general condition, with complaint of emesis for year. In the abdominal ultrasound exam we observed the presence of a round formation in the stomach which measured 3.20 x 2.61cm, located in the epigastric region contiguous with the wall. The dog was submitted to gastric endoscopy, in which the presence of a rounded mass in the pyloric region was observed, and laparotomy and gastrostomy were performed. The removed tumor was sent for pathologic evaluation, where the findings were compatible with gastric stromal sarcoma. Keywords: dog, sarcoma, gastric neoplasia
650 _aCÃO
650 _aDOENÇA ANIMAL
650 _aNEOPLASIA
650 _aSARCOMA
650 _aVETERINÁRIA
773 0 _01643
_9348181
_dBelo Horizonte-MG Universidade Federal de Minas Gerais - Escola de Veterinaria 1983
_o2025-0670
_tArquivo Brasileiro de Medicina Veterinária e Zootecnia (Brazil)
_x0102-0935
_gv. 68(5) p. 1183-1186; (2016)
_wBR2024004644
856 _uhttps://www.scielo.br/j/abmvz/a/Qbr5tKJbW464D3DkFwLpVrw/?format=pdf&lang=pt
942 _cANA
999 _c329782
_d329782